000 00623nam a22002292 4500
001 0000002559
005 20151217151857.0
008 070413s xx 000 0 eng d
020 _a0071217479 :
_cGBP 40.99
040 _aKABU
_cKABU
050 0 _aMT90
_b.K36 2004
100 1 _aKamien, Roger.
_@0000151959
245 1 0 _aMusic :
_ban appreciation.
250 _a8th ed.
260 _aBoston :
_bMcGraw-Hill,
_c2004.
300 _axxxvii, 641 p.
500 _aWith CD-ROM.
650 0 _aMusic appreciation.
_@0000151960
908 _a070413
950 _@1
999 _c5912
_d5912